विमर्श के आयाम (Record no. 3475)

MARC details
000 -LEADER
fixed length control field 01114 a2200217 4500
005 - DATE AND TIME OF LATEST TRANSACTION
control field 20080911144614.0
008 - FIXED-LENGTH DATA ELEMENTS--GENERAL INFORMATION
fixed length control field 080911t xxu||||| |||| 00| 0 hin d
010 ## - LIBRARY OF CONGRESS CONTROL NUMBER
LC control number HIN-79697
020 ## - INTERNATIONAL STANDARD BOOK NUMBER
Terms of availability 250.00
International Standard Book Number 8186747648
035 ## - SYSTEM CONTROL NUMBER
System control number HN-52043
037 ## - SOURCE OF ACQUISITION
Source of stock number/acquisition D.B.Act / pub
082 ## - DEWEY DECIMAL CLASSIFICATION NUMBER
Classification number 820.8
100 ## - MAIN ENTRY--PERSONAL NAME
Personal name अब्दुल बिस्मिल्लाह
245 ## - TITLE STATEMENT
Title विमर्श के आयाम
Statement of responsibility, etc अब्दुल बिस्मिल्लाह
246 ## - VARYING FORM OF TITLE
Title proper/short title Vimersh ke Aayaam
260 ## - PUBLICATION, DISTRIBUTION, ETC. (IMPRINT)
Place of publication, distribution, etc दिल्ली
Name of publisher, distributor, etc अनंग प्रकाशन
Date of publication, distribution, etc 2006
270 ## - ADDRESS
City दिल्ली
Address बी-107/1,गली मंदिर वाली,उत्तरी घोड़ा(समीप रबड़ फैक्ट्री)
Postal code 110053
Telephone number 011-22199683
300 ## - PHYSICAL DESCRIPTION
Extent 174पृ
Dimensions 22 सेमी (सजिल्द)
942 ## - ADDED ENTRY ELEMENTS (KOHA)
Institution code [OBSOLETE] dpl
Koha item type Hindi Books
Call number prefix 820.8 / अब्दुल
Source of classification or shelving scheme Dewey Decimal Classification
Classification part 820.8
Call number suffix अब्दुल
Holdings
Withdrawn status Lost status Damaged status Not for loan Home library Current library Date acquired Cost, normal purchase price Total Checkouts Full call number Barcode Date last seen Copy number Uniform Resource Identifier Cost, replacement price Price effective from Koha item type
        D.B.Act.Division D.B.Act.Division 11/09/2008 250.00   820.8 अब्दुल HN-52043 15/09/2008 1 3701 250.00 15/09/2008 Hindi Books

© Delhi Public Library
Hit Counter
free hit counter